000 00265nam a2200109Ia 4500
008 200302s9999 xx 000 0 und d
100 _aChris Van Uffelen
245 _a1000x Landscape Architecture
260 _bVerlagshaus Braun
260 _c2009
300 _a1023 P.,
999 _c2642
_d2642